000 00657nam a2200241Ia 4500
003 OSt
005 20221007074649.0
006 a|||||r|||| 00| 0
007 ta
008 221006b |||||||| |||| 00| 0 eng d
024 _a22,208
037 _cReference Collections
040 _aFLL
_cFLL
_beng
041 _2eng
_aeng
082 _aZ2:94, J34;L0
100 _aRao Y.H.
_9687311
245 0 _aCircumstantial and presumptive evidence
250 _a2nd
260 _aNagpur
_bWadhwa And Company India
_c1970
300 _axl,416p
_ccm.
942 _hZ2:94, J34;L0
_cREF
_2CC
999 _c1153255
_d1153255